Les fleurs du mal

Wedi'i Gadw mewn:
Manylion Llyfryddiaeth
Prif Awdur: Baudelaire
Fformat: Llyfr
Iaith:Undetermined
Cyhoeddwyd: París, Francia Larousse 1959
Rhifyn:9
Pynciau:
Tagiau: Ychwanegu Tag
Dim Tagiau, Byddwch y cyntaf i dagio'r cofnod hwn!

MARC

LEADER 00000nam a2200000Ia 4500
008 170316s9999 xx 000 0 und d
040 |a cru BVZT 
090 |a 840 B-3fl 
100 |a Baudelaire 
245 |a Les fleurs du mal 
250 |a 9 
260 |a París, Francia 
260 |b Larousse 
260 |c 1959 
300 |a 110 páginas 
650 |a LITERATURA FRANCESA 
999 |c 7532  |d 7532 
942 |c 15 D  |h 840 B-3fl  |2 z